Statystyki dla Numery kierunkowe w Polsce

Kliknij tutaj aby rozwiązać quiz!

Ogólne statystyki

  • Ten quiz został rozwiązany 27 razy
  • Średni wynik to 25 z 49

Statystyki odpowiedzi

HintOdpowiedź% Poprawnych
Warszawa22
89%
Białystok85
68%
Poznań61
63%
Szczecin91
63%
Kraków12
58%
Częstochowa34
58%
Łódź42
58%
Bydgoszcz52
58%
Kalisz62
58%
Piła67
58%
Biała Podlaska83
58%
Tarnobrzeg15
53%
Przemyśl16
53%
Rzeszów17
53%
Płock24
53%
Ostrołęka29
53%
Katowice32
53%
Bielsko-Biała33
53%
Kielce41
53%
Gdańsk58
53%
Konin63
53%
Leszno65
53%
Wrocław71
53%
Koszalin94
53%
Gorzów Wielkopolski95
53%
Krosno13
47%
Tarnów14
47%
Siedlce25
47%
Sieradz43
47%
Piotrków Trybunalski44
47%
Radom48
47%
Włocławek54
47%
Elbląg55
47%
Toruń56
47%
Wałbrzych74
47%
Lublin81
47%
Chełm82
47%
Suwałki87
47%
Nowy Sącz18
42%
Ciechanów23
42%
Skierniewice46
42%
Jelenia Góra75
42%
Legnica76
42%
Opole77
42%
Łomża86
42%
Słupsk59
37%
Zielona Góra68
37%
Zamość84
37%
Olsztyn89
37%

Rozkład punktacji

Percentyl według liczby udzielonych odpowiedzi

Procent ludzi z każdym wynikiem

Twoja historia wyników

Nie rozwiązałeś tego quizu